000 00871cam a22001574a 4500
999 _c6526
_d6526
020 _a0130668435 (pbk.)
050 0 0 _aQA76.73.C25
_b.R25
100 1 _aReeves, Ron.
245 1 0 _aCobol programming using the .NET framework /
_cRonald D. Reeves.
260 _aUpper Saddle River, NJ :
_bPrentice Hall PTR,
_cc2002.
300 _axxv, 303 p. :
_bill. ;
_c24 cm.
500 _aIncludes index.
505 _a1. Review and Introduction to Object-Oriented COBOL Programming Using the .NET Framework -- 2. .NET Framework -- 3. Graphical User Interface Applications Using Windows Forms -- 4. Web Applications Using ASP.NET and Web Forms -- 5. .NET COBOL Web Services -- 6. Building Database Applications Using ADO.NET -- 7. Migration of COBOL Legacy Systems to .NET Framework -- 8. Introduction to Windows 2000 --
650 0 _aCOBOL (Computer program language)
942 _cBK